Nejlepší dárek / Petr Horáček
Obrázková kniha o kočičích kamarádech, o síle obdarovávání a společně prožitých chvílích. Tom a Mot jsou nejlepší kočičí kamarádi. A dokonce mají narozeniny ve stejný den. Jaký bude nejlepší dárek pro toho druhého? Můžeme tomu druhému přát všechno možné, ale nejlepší nakonec stejně bude společně strávený den. Nakladatelská anotace.
Record details
- ISBN: 978-80-262-2020-6
- Physical Description: 32 nečíslovaných stran : barevné ilustrace ; 28 cm
- Edition: Vydání první
- Publisher: Praha : Portál, 2023
Content descriptions
| General Note: | Přeloženo z angličtiny |
Search for related items by subject
| Genre: | anglicky psané příběhy autorské knihy publikace pro děti stories in English authors' books children's literature |
Available copies
- 1 of 1 copy available at Common Catalog SPOK.
Holds
- 0 current holds with 1 total copy.
Show Only Available Copies
| Location | Call Number / Copy Notes | Barcode | Shelving Location | Status | Due Date |
|---|---|---|---|---|---|
| Jabok Library | BL-4.1/H | 424480046820 | Odborná literatura | Available | - |
| LDR | 01921nam a2200469 i 4500 | ||
|---|---|---|---|
| 001 | 58169 | ||
| 003 | CZ-PrJAB | ||
| 005 | 20230328145311.0 | ||
| 007 | ta | ||
| 008 | 230310s2023 xr a a 000 j cze | ||
| 015 | . | ‡acnb003477828 | |
| 020 | . | ‡a978-80-262-2020-6 ‡q(vázáno) | |
| 035 | . | ‡a(CZ PrNK)nkc20223477828 | |
| 035 | . | ‡a(OCoLC)1375350396 | |
| 040 | . | ‡aABG001 ‡bcze ‡erda | |
| 041 | 1 | . | ‡acze ‡heng |
| 072 | 7. | ‡a821.111-3 ‡xAnglická próza, anglicky psaná ‡2Konspekt ‡925 | |
| 072 | 7. | ‡a821-93 ‡xLiteratura pro děti a mládež (beletrie) ‡2Konspekt ‡926 | |
| 080 | . | ‡a821.111-32 ‡2MRF | |
| 080 | . | ‡a821-93 ‡2MRF | |
| 080 | . | ‡a(0:82-32) ‡2MRF | |
| 080 | . | ‡a(0.027.6)74/77 ‡2MRF | |
| 100 | 1 | . | ‡aHoráček, Petr, ‡d1967- ‡7xx0151165 ‡4aut ‡4ill |
| 240 | 1 | 0. | ‡aPerfect present. ‡lČesky |
| 245 | 1 | 0. | ‡aNejlepší dárek / ‡cPetr Horáček |
| 250 | . | ‡aVydání první | |
| 264 | 1. | ‡aPraha : ‡bPortál, ‡c2023 | |
| 300 | . | ‡a32 nečíslovaných stran : ‡bbarevné ilustrace ; ‡c28 cm | |
| 336 | . | ‡atext ‡btxt ‡2rdacontent | |
| 336 | . | ‡astatický obraz ‡bsti ‡2rdacontent | |
| 337 | . | ‡abez média ‡bn ‡2rdamedia | |
| 338 | . | ‡asvazek ‡bnc ‡2rdacarrier | |
| 500 | . | ‡aPřeloženo z angličtiny | |
| 520 | 2 | . | ‡aObrázková kniha o kočičích kamarádech, o síle obdarovávání a společně prožitých chvílích. ‡bTom a Mot jsou nejlepší kočičí kamarádi. A dokonce mají narozeniny ve stejný den. Jaký bude nejlepší dárek pro toho druhého? Můžeme tomu druhému přát všechno možné, ale nejlepší nakonec stejně bude společně strávený den. Nakladatelská anotace. |
| 655 | 7. | ‡aanglicky psané příběhy ‡7fd183173 ‡2czenas | |
| 655 | 7. | ‡aautorské knihy ‡7fd756049 ‡2czenas | |
| 655 | 7. | ‡apublikace pro děti ‡7fd133156 ‡2czenas | |
| 655 | 9. | ‡astories in English ‡2eczenas | |
| 655 | 9. | ‡aauthors' books ‡2eczenas | |
| 655 | 9. | ‡achildren's literature ‡2eczenas | |
| 910 | . | ‡aABG312 | |
| 995 | . | ‡aska | |
| 901 | . | ‡a58169 ‡bAUTOGEN ‡c58169 ‡tbiblio | |